00487npc a2200169Ia 4500001001200000003001000012005001700022008004100039040002500080041000700105100002700112245006300139260003900202300001100241500005100252650001400303dg63-30492 IT-MiCISF20230317140952.0161014s9999||||xx | und|| aIT-MiCISFcIT-MiCISF afr aDe Vaucorbeil Katarina 0aHistorique du mouvement familialbDe 1870 à nos jours... a Paris,bFamilles de France,c1997 app. 35 a società, associazionismo, famiglia, storia  asocietà